000 00747nam a2200217 a 4500
001 000010138
005 20240412074215.0
008 091005s1977 dr 000 p spa d
040 _aDO-SdBNP
_bspa
_cBNPHU
082 _aRD861.44
_bA973i
100 1 _aAybar Mella, Salvador
_925133
245 1 0 _aInvocación a Dios /
_cSalvador Aybar Mella ; prólogo Miguel Angel Jiménez.
260 _aSanto Domingo :
_bPadilla,
_c1977.
300 _a104 p. ;
_c25 cm.
590 _aLa biblioteca posee 2 ejemplares ortografíados por el autor
590 _aInventariado, 2018/LP
650 0 _aPoesía dominicana
_966
650 0 _aLiteratura dominicana.
_967
700 1 2 _aJiménez, Miguel Angel,
_epról.
_925134
910 _aValidado. Control de calidad MFF
999 _c9897
_d9897